000 01162nam2a22002411 4500
001 v19\rc\1236818
005 20260407025121.0
035 _a(NLR Aleph) 005188274
090 _a5186141
_c5186141
100 _a20060306d1893 |||y0rusy50 ca
101 0 _arus
102 _aRU
105 _ay z |||||
200 1 _aОтчет Ливенской железной дороги
210 _a[1893]
461 0 _1001v19\rc\1236682
_12001#$aОтчет по эксплоатации казенных железных дорог...$fМ.П.С. Управление железных дорог$v... за 1892 год, ч. 7
_95184869
_aРоссия. Управление железных дорог
_d1884-1915
_fМ.П.С. Управление железных дорог
_tОтчет по эксплоатации казенных железных дорог...
_v... за 1892 год, ч. 7
711 0 2 _aЛивенская железная дорога
_3RU\NLR\AUTH\8810010857
_9519391
801 2 _aRU
_bNLR
_c20060415
_2rusmarc
801 0 _aRU
_bNLR
_c20060306
_gpsbo
801 1 _aRU
_bProSoft-M
_c20060306
_2rusmarc
852 _aNLR
_jDesideratum
942 _cBOOK
980 _aNB